A midsummer nights dream (typical examination, question and answers)

שמור ב:
מידע ביבליוגרפי
מחבר ראשי: Shakespeare, William
פורמט: ספר
שפה:Undetermined
יצא לאור: Londres, Inglaterra Coles 1967
נושאים:
תגים: הוספת תג
אין תגיות, היה/י הראשונ/ה לתייג את הרשומה!

MARC

LEADER 00000nam a2200000Ia 4500
008 170316s9999 xx 000 0 und d
040 |a cru BVZT 
090 |a 820 S-5a 
100 |a Shakespeare, William 
245 2 |a A midsummer nights dream (typical examination, question and answers) 
260 |a Londres, Inglaterra 
260 |b Coles 
260 |c 1967 
300 |a 57 páginas 
650 |a LITERATURA INGLESA 
999 |c 7090  |d 7090 
942 |c 15 D  |h 820 S-5a  |2 z